| 000 | 00514pam a2200193 a 4500 | ||
|---|---|---|---|
| 020 |
_a0781725917 _c936.00 |
||
| 041 |
_aeng _hNULL |
||
| 082 |
_a618.2 _bEVA/NIS |
||
| 100 | _aEVANS, A . | ||
| 245 |
_aMANUAL OF OBSTETRICS / _cNULL. _hTextual Documents |
||
| 260 |
_aNULL : _bLIPPINCOTT WILLIAMS & WILKINS , _c2000. |
||
| 300 |
_a540 : _bxii ; _cNULL . |
||
| 365 |
_a936.00 _e3 |
||
| 700 | _aNISWANDER, K . | ||
| 907 |
_a2682 _a2683 _a2684 |
||
| 930 | _a796 | ||
| 999 |
_c795332 _d795332 |
||
| 650 | _aOBST.GYNE | ||